banner koha

Comparacao de onze variedades de manga produzidas em Visconde do Rio Branco, Minas Gerais, visando ao consumo ao natural e a elaboracao de geleias [Brasil] (Registro n. 116315)

MARC details
000 -LÍDER
campo de controle de tamanho fixo 01110nas a2200313 4500
001 - NÚMERO DE CONTROLE
campo de controle BR8501112
003 - IDENTIFICADOR DO NÚMERO DE CONTROLE
campo de controle BR-BrBNA
005 - DATA E HORÁRIO DA ÚLTIMA TRANSAÇÃO
campo de controle 20231205090129.0
007 - CAMPO FIXO DE DESCRIÇÃO FÍSICA--INFORMAÇÃO GERAL
campo de controle de tamanho fixo ta
008 - CAMPO DE DADOS FIXOS--INFORMAÇÃO GERAL
campo de controle de tamanho fixo 230509b bl.|||p| |||| 00| 00por d
040 ## - FONTE DA CATALOGAÇÃO
Instituição da catalogação original BR-BrBNA
Idioma da catalogação por
Instituição que transcreveu o registro Biblioteca Nacional de Agricultura
041 ## - CÓDIGO DE IDIOMA
Código do idioma do texto/trilha sonora ou título diferente (Pt)
072 ## - CÓDIGO DE CATEGORIA DE ASSUNTO
Código de Categoria de Assunto S10; Q10
100 1# - ENTRADA PRINCIPAL--NOME PESSOAL
Nome pessoal Souza, S.J.F. de
100 1# - ENTRADA PRINCIPAL--NOME PESSOAL
Nome pessoal Pinheiro, A.J.R.
100 1# - ENTRADA PRINCIPAL--NOME PESSOAL
Nome pessoal Pinheiro, R.V.R.
100 1# - ENTRADA PRINCIPAL--NOME PESSOAL
Nome pessoal Gomes, J.C.
100 1# - ENTRADA PRINCIPAL--NOME PESSOAL
Nome pessoal Souza, A.C.G. de
100 1# - ENTRADA PRINCIPAL--NOME PESSOAL
Nome pessoal Chaves, J.B.P.
245 1# - TÍTULO
Título Comparacao de onze variedades de manga produzidas em Visconde do Rio Branco, Minas Gerais, visando ao consumo ao natural e a elaboracao de geleias [Brasil]
246 1# - FORMA VARIANTE DO TÍTULO
Título/título abreviado Comparison of eleven mango (Mangifera indica L.)varieties with a view to in natura consumption and marmalade production [Brazil]
650 ## - ASSUNTO--TERMO TÓPICO
Cabeçalho tópico ou nome geográfico MANGA
650 ## - ASSUNTO--TERMO TÓPICO
Cabeçalho tópico ou nome geográfico GELEIA
650 ## - ASSUNTO--TERMO TÓPICO
Cabeçalho tópico ou nome geográfico INDUSTRIA ALIMENTICIA
650 ## - ASSUNTO--TERMO TÓPICO
Cabeçalho tópico ou nome geográfico ANALISE QUIMICA
773 0# - ENTRADA ANALÍTICA
Título Revista Ceres (Brazil)
ISSN - International Standard Serial Number ISSN 0034-737X
Partes relacionadas (Nov-Dec 1984), v. 31(178) p. 464-478
Número de controle do registro BR8501112
909 ## -
-- 202311
-- Lúcia
-- 55
-- Lúcia Elande
942 ## - ELEMENTOS DE ENTRADA ADICIONADOS (KOHA)
Fonte da classificação ou esquema de arquivamento na estante Classificação AGRIS
Ocultar no OPAC Não
Tipo de material Koha Analítica
Exemplares
Situação do descarte Fonte da classificação ou esquema de arquivamento na estante Situação física Não pode ser emprestado Biblioteca de origem Biblioteca atual Localização na estante Enumeração do periódico / cronologia Total de empréstimos Data de último acesso Número do exemplar Tipo de material Koha Fonte de aquisição
  Classificação AGRIS   Consulta local Biblioteca Nacional de Agricultura - Binagri Biblioteca Nacional de Agricultura - Binagri   (Nov-Dec 1984), v. 31(178) p. 464-478   29/11/2023 01 Periódicos Portaria Interministerial nº 164/94

BINAGRI

Telefone: (61)3218-2567/2388/3357/2097 - binagri@agro.gov.br

Ministério da Agricultura e Pecuária , Esplanada dos Ministérios, Bloco D, Anexo B, Brasília/DF, CEP: 70.043-900